000 00424nam a2200181Ia 4500
001 625
005 20260306140531.0
008 260306t2013||||xx |||||||||||||| ||spa||
041 _aESP
082 _a128
_bS764
100 _aSokolowski, Robert
_eAUT
245 0 _aFenomenologĂ­a de la persona humana
260 _c2013
300 _a445 páginas :
_c21 cm.
650 _aGEN
654 _aCHU
942 _cLIB
_dJUS
_fJUS
_2ddc
_n
999 _c625
_d625